000 00490nam a2200157 4500
001 136687
003 ES-MaACL
005 20230906195213.0
007 t|
008 070214s1963 sp r ||||1| spa d
100 1 _aSagardía, Ángel.
_9139049
245 1 3 _aEl militar y escritor bermeano Juan Arzadun Zabala en el centenario de su nacimiento /
_cAngel Sagardía.
260 _aBilbao :
_b[s.n.],
_c1963.
300 _a27 p., 2 lám. ;
_c25 cm.
852 _aES-MaACL
_j2043-F-19
_bR.56236
999 _c136687
_d136687